| 000 | 01741nam a2200421Ii 4500 | ||
|---|---|---|---|
| 001 | DIGEDUNAV0402 | ||
| 003 | NyNyDIG | ||
| 006 | m o d | ||
| 007 | cr ||||||||||| | ||
| 008 | 220607s2008 sp ob 000 0 spa d | ||
| 035 | _a(OCoLC)1333702030 | ||
| 040 |
_aDGITA _beng _erda _epn _cDGITA |
||
| 020 | _z9788431325312 | ||
| 050 | 1 | 4 | _aBD165 ebook |
| 100 | 1 |
_aPolo, Leonardo, _eauthor. |
|
| 245 | 1 | 3 |
_aEl conocimiento del universo físico / _cLeonardo Polo ; edición y prólogo de Juan A. García. |
| 264 | 1 |
_aPamplona, España : _bEUNSA, Ediciones Universidad de Navarra, _c[2008] |
|
| 300 | _a1 online resource. | ||
| 336 |
_atext _btxt _2rdacontent |
||
| 337 |
_acomputer _bc _2rdamedia |
||
| 338 |
_aonline resource _bcr _2rdacarrier |
||
| 347 |
_atext file _2rdaft |
||
| 347 | _bPDF | ||
| 490 | 1 |
_aColección Filosófica ; _vnúm. 203 |
|
| 504 | _aIncludes bibliographical references. | ||
| 588 | 0 | _aOnline resource; title from PDF title page (Digitalia, viewed June 7, 2022) | |
| 650 | 0 | _aKnowledge, Theory of. | |
| 650 | 0 | _aCosmology. | |
| 655 | 0 | _aElectronic books. | |
| 700 | 1 |
_aGarcía, Juan Antonio, _d1964- _eeditor, _econtributor agent of text. |
|
| 791 | 2 |
_aDigitalia (Firm), _edistributor. |
|
| 793 | 0 |
_gDigitalia eBook Collection: _aEdiciones Universidad de Navarra |
|
| 776 | 0 | 8 |
_iPrint version: _aPolo, Leonardo. _tConocimiento del universo físico. _bPrimera edición. _dPamplona, España : EUNSA, Ediciones Universidad de Navarra, [2008] _z9788431325312 |
| 830 | 0 |
_aColección filosófica (Universidad de Navarra. Facultad de Filosofía y Letras) ; _v203. |
|
| 856 | 4 | 0 |
_3Digitalia Hispánica _uhttps://www.digitaliapublishing.com/a/51572/ |
| 910 | _aPremium collection: 2022 | ||
| 942 | _cRAA | ||
| 999 |
_c252696 _d252696 |
||